000 00551nam a2200217Ia 4500
005 20260115173056.0
008 008 260114s9999 xx 000 0 eng d
020 _a9781839700798
037 _aEBOOK
040 _aCRL
_beng
_cCRL
041 _aeng
_2eng
084 _qCRL
100 _aPeté/du Plessis
_9882100
245 0 _aRepairing the Past?
260 _bCambridge University Press
260 _bIntersentia
260 _c2020
856 _uhttps://doi.org/10.1017/9781839700798
942 _cEBOOK
999 _c1480707
_d1480707